000 00486nam a2200181Ia 4500
008 240925s9999 xx 000 0 und d
020 _a8178084899
082 _a621.392 SAM
100 _aSamir , Palnitkar -
245 0 _aVerilogĀ® HDL: a guide to digital design and synthesis
250 _aNA
260 _aSingapore:
_bPearson education
_c,2001.
300 _axxii,409p.
_bNA
_fOriginal
500 _aNA
600 _aEngineering Technology
650 _aTechnology
942 _cBK
999 _c7112
_d7112